00997nam a2200229 450000500170000000800410001702000180005804100120007608200150008810000230010324500700012625000080019626000300020430000080023436500190024252002890026165000110055070000230056194200070058499900190059195201570061020260212114726.0260205b |||||||| |||| 00| 0 eng d a9781959029953 aEnglish bBULa745.4 aBuley Leah9216614 aUser Experience Team of One: A Research and Design Survival Guide a2nd aNew YorkbRosenfeldc2024 a293 b3332.48cRs.00 aPart I: Philosophy. 1. Ux 101 2. Getting Started 3. Building Support For Your Work Part Ii: Practice. 4. Planning And Discovery Methods 5. Research Methods 6. Design Methods 7. Testing And Validation Methods 8. Evangelism Methods 9. Growing Yourself And Your Career 10. What's Next  aDesign aNatoli Joe9216615 cBK c370323d370323 00102ddc4070aSOFTbSOFTd2026-02-04eDesign Book Studiog3332.48i288l0o745.4 BULpSOFT-BK-4942r2026-02-05 10:03:00t33%v4973.83w2025-12-12yBK